| 000 | 00478nam a2200169Ia 4500 | ||
|---|---|---|---|
| 008 | 241206s9999||||xx |||||||||||||| ||und|| | ||
| 020 |
_a9780132229876 _c120.5 |
||
| 040 |
_beng _cSSK Library _erda |
||
| 082 | _a621.3996/LUE | ||
| 100 | _a Richard M. Lueptow | ||
| 245 | 0 | _aGraphics Concepts For Computer-Aided Design | |
| 250 | _a2nd ed | ||
| 260 |
_b Pearson Prentice Hall _c©2008 |
||
| 942 |
_2Dewey Decimal Classification _cBOOK _nNo |
||
| 999 |
_c15265 _d15265 |
||
| 003 | OSt | ||
| 005 | 20241206223223.0 | ||